000 01126nam a22002657a 4500
999 _c8278
_d8278
003 AR-CdUCM
008 190321b ||||| |||| 00| 0 spa d
040 _aMUNICIPALIDAD PROVINCIAL DEL CUSCO
_cBIBLIOTECA MUNICIPAL DEL CUSCO
082 _a985.008 /
_bC73
_21973
110 _aComisión nacional del Sesquicentenario de la Independencia del Perú
_923195
245 _aPeriódicos /
_cEdición y prologo por Alberto Tauro
260 _aLima :
_bComisión nacional del Sesquicentenario de la Independencia del Perú,
_c1973.
300 _a3 volúmenes ;
_c24 cm.
440 _aColección documental de la independencia del Perú.
_921856
505 _aContenido: v.1. El pacificador. El triunfo de a Nación. El Americano. Los Andes Libres. El Sol del Perú. -- v.2. El peruano. -- v.3. El peruano.
650 _aPerú colecciones
_921842
650 _aIndependencia peruana
_923196
650 _aEmancipación peruana
_915981
650 _aFuentes históricas
_95903
650 _aFuentes escritas
_92045
650 _aHistoria del Perú
_9259
700 _aTauro, Alberto
_911692
942 _2ddc
_cLIBROS
945 _arac